| 000 | 00630nam a2200193Ia 4500 | ||
|---|---|---|---|
| 003 | GCL | ||
| 008 | 140319s9999 xx 000 0 ara d | ||
| 040 |
_aGCL / _cGCL |
||
| 082 | 0 | 4 |
_a813.01 _bس م |
| 100 | 1 | _aسليمان كابوه | |
| 245 | 1 | 0 |
_aمعركة الطيور وقصص اخرى مستوحاه من حرب الخليج / _cسليمان كابوه |
| 260 |
_a[S.N] : _bالشركة العربية للنشر والتوزيع |
||
| 300 | _a118 ص | ||
| 490 | _a | ||
| 650 | 0 | 4 | _aالقصص العربية |
| 650 | 0 | 4 | _aالقصص العربية المترجمة |
| 650 | 0 | 4 | _aالمجموعات |
| 942 |
_2ddc _cBK |
||
| 999 |
_c52611 _d52611 |
||